LEADER 01537nam a2200301 i 4500 001 000000151051 003 CaOOAMICUS 005 20230926102127.0 008 060620s2006 it u000 u ita u 040 $aSeMil$bita 100 1 $aBrusetti, Lorenzo.$0(OLS)http://semarc/name/45447 245 14$aUna Chiesa lungo la via /$ctesti di Lorenzo Brusetti e Massimo Cogliati ; con il contributo di mons. Antonio Rimoldi [e di] mons. Ennio Apeciti ; a cura di Walter Magni. 260 $aMonticello di San Zeno (Olgiate Molgora) :$b[s.n.],$c2006$e(Oggiono (LC) :$fPaolo Cattaneo Grafiche ,$g2006) 300 $a234 p., [32] p. di tav. ;$c22 cm. 500 $aDono del Card. Dionigi Tettamanzi. 650 4$aOlgiate Molgora - San Zeno.$0(OLS)http://semarc/subject/54465 650 4$aOlgiate Molgora - Monticello.$0(OLS)http://semarc/subject/54464 700 1 $aCogliati, Massimo.$0(OLS)http://semarc/name/45448 700 1 $aRimoldi, Antonio .$0(OLS)http://semarc/name/204 700 1 $aApeciti, Ennio,$c.$0(OLS)http://semarc/name/10867 700 1 $aMagni, Walter,$c.$0(OLS)http://semarc/name/24339 850 $aSeMil 852 $aSeMil$W1$xVenegono$y1$m3P I 270$j103099$B103099$CSeMilBibl$Z2$F113509 $81 941 1 $a5 961 $aOmaggio: Tettamanzi Card. Dionigi 996 $6245$aUna Chiesa lungo la via$9(OLS)http://semarc/title/220776 996 $6260$aMonticello di San Zeno (Olgiate Molgora) :$b[s.n.]$9(OLS)http://semarc/publisher/47958 LEADER 01249nam a2200253 4500 001 000000342353 003 CaOOAMICUS 005 20201027121919.0 008 200929s1968 fr 000 u fre r 040 $aSeMil$bita 100 1 $aLe Fort, Gertrud : von,$d<1876-1971>.$0(OLS)http://semarc/name/91655 245 13$aLa femme éternelle :$bla femme dans le temps : la femme hors du temps /$cGertrude von Le Fort ; traduit de l'allemand par André Boccon-Gibod ; préface de Françoise Mallet-Joris. 250 $aNouvelle édition 264 1$aParis :$bLes Éditions du Cerf,$c1968. 300 $a142 p. ;$c18 cm 650 4$aDonna - Concezione cristiana.$0(OLS)http://semarc/subject/3207 700 1 $aBoccon-Gibod, André.$0(OLS)http://semarc/name/59812 700 1 $aMallet-Joris, Francoise.$0(OLS)http://semarc/name/24226 830 0$aFoi vivante ;$v90.$0(OLS)http://semarc/title/11652 850 $aSeMil 852 $aSeMil$W1$xVenegono$y1$m2V I 255$j268980$B233321$CSeMilBibl$Z2$F233321 $81 996 $6245$aLa femme éternelle :$bla femme dans le temps : la femme hors du temps$9(OLS)http://semarc/title/223005 996 $6264$aParis :$bLes Éditions du Cerf$9(OLS)http://semarc/publisher/29611